Most Key strokes - 15 second sprint - Statistics

General Stats
  • This quiz has been taken 209 times
    208 since last reset
  • The average score is 97 of 160
Answer Stats
Answer % Correct
G
100%
G
99%
O
99%
O
99%
G
97%
G
97%
G
97%
G
97%
G
97%
O
97%
O
97%
O
97%
O
97%
G
96%
O
96%
O
96%
G
95%
G
95%
G
95%
O
95%
O
95%
G
94%
G
94%
O
94%
O
94%
O
94%
G
92%
O
92%
G
91%
G
91%
O
91%
G
90%
G
90%
O
90%
O
90%
O
90%
G
88%
G
88%
O
88%
G
87%
G
87%
G
87%
O
87%
O
87%
O
87%
O
87%
G
86%
G
86%
G
86%
O
86%
O
86%
O
84%
G
82%
G
82%
O
82%
O
81%
G
79%
G
79%
G
79%
O
79%
O
79%
O
79%
G
75%
G
75%
O
75%
O
74%
G
73%
O
70%
G
69%
G
69%
O
69%
O
69%
G
68%
O
68%
G
66%
O
64%
G
62%
G
62%
G
62%
O
62%
O
62%
O
62%
G
58%
G
58%
G
58%
O
58%
O
58%
G
57%
O
57%
O
57%
G
56%
O
55%
G
52%
O
52%
G
51%
G
51%
O
51%
G
49%
O
49%
G
48%
O
48%
O
47%
G
44%
G
44%
G
44%
O
44%
O
44%
O
44%
G
43%
G
43%
O
43%
O
43%
G
40%
O
40%
G
39%
O
38%
G
36%
G
36%
O
36%
O
36%
G
34%
O
34%
G
32%
O
32%
G
31%
O
31%
G
30%
G
30%
G
30%
O
30%
O
30%
G
29%
G
29%
O
29%
O
29%
G
27%
G
27%
O
27%
O
27%
O
26%
G
25%
G
23%
O
23%
O
23%
G
22%
O
22%
G
18%
O
17%
G
14%
G
12%
O
12%
O
12%
G
10%
O
10%
G
9%
O
9%
G
8%
G
8%
O
8%
O
8%
No matching quizzes found
Score Distribution
Percent of People with Each Score
Percentile by Number Answered
Your Score History
You have not taken this quiz since the last reset